Statistics for name that horror movie

Click here to take the quiz!

General Stats

  • This quiz has been taken 1,411 times
  • The average score is 8 of 15

Answer Stats

Hint Answer % Correct
Heeeeeeeres Johnnie!The Shining
87%
Beetlejuice, Beetlejuice, Beetlejuice!Beetlejuice
84%
I see dead peopleThe Sixth Sense
80%
The power of Christ compels youThe Exorcist
79%
I think we'll need a bigger boat..Jaws
79%
ITS ALIVE!Frankenstein
72%
You'll never sleep againNightmare On Elm Street
67%
You cant cheat death!Final Destination
60%
The night he came homeHalloween
51%
Lets play hide and clapThe Conjuring
50%
We all go a little mad sometimesPsycho
49%
Tiptoe through the tulipsInsidious
40%
Rule #1 CardioZombieland
40%
Daddy who is that woman?The Woman In Black
8%
Row Row Row Your BoatInsidious Chapter 2
3%

Score Distribution

Percentile by Number Answered

Percent of People with Each Score

Your Score History

You have not taken this quiz